| 000 | 00742nam a2200217 a 4500 | ||
|---|---|---|---|
| 001 | BRL_1784 | ||
| 005 | 20190320211351.0 | ||
| 008 | 300715s1983----mx-a######---#000-0#spa-# | ||
| 041 | _aspa | ||
| 044 | _amx | ||
| 050 | 4 |
_aGN302 _b.M47 1983 |
|
| 245 | 1 | 0 |
_aCuarta mesa redonda sobre problemas antropológicos de la Sierra Norte del Estado de Puebla _bHomeja póstumo al Sr. Dr. Dn Ismael Morante. |
| 260 |
_aCuetzalan, Puebla _bCentro de Estudios Históricos de la Sierra Norte del Estado de Puebla _c1983 |
||
| 300 |
_a69 p. _bil. _c21 cm. |
||
| 500 | _aAu1979 | ||
| 504 | _aBibliografía: p. 21,44 y 69 | ||
| 600 | 1 | 4 |
_aMorante, Ismael _927867 |
| 650 | 1 | 4 |
_aAntropología _zSierra Norte (Puebla) _927868 |
| 902 | _aGRL | ||
| 942 |
_2lcc _cB |
||
| 999 |
_c10592 _d10592 |
||